000 01153nam a2200301 i 4500
003 EG-GICUC
005 20260211205606.0
008 260211b20092008ua د|||fr |||| 00| 0arag d
040 _a EG-GICUC
_bara
_c EG-GICUC
_d EG-GICUC
_erda
041 0 _aara
082 0 4 _221
_a343
_bBE . O
092 0 4 _221
099 _aLaw 10 343 BE . O 2009
100 0 _aAhmed Awad Belal
_eAuthor.
245 1 0 _aOutline of The English Legal System and Other Selected Legal Readings /
_cBy Dr. Ahmed Awad Belal.
246 0 1 _aدراسة موجزة عن النظام القانوني الإنجليزي ودراسات قانونية أخرى مختارة
264 1 _aالقاهرة :
_bدار النهضة العربية،
_c2009.
300 _a286 صفحة؛
_c24 سم.
336 _2rda content
_atext
337 _2rda media
_aComputer
338 _2rda carrier
_aOnline Resource
546 _aالنص موازٍ باللغتين العربية والإنجليزية
650 1 4 _aCriminal law
650 1 4 _aالقانون الجنائي
856 4 0 _uhttps://fll.law.cu.edu.eg/fulltext/bks/B10-08695.pdf
905 _a32
942 _2ddc
_cBK
_e21
_n0
999 _c62706
_d62706